Veľká cena SZM v spoločenskom tanci medzinárodná súťaž Brno 3.XI. 1972

Bibliographic Details
Format: Article
Language:Slovak
PhysicalDescription:Obr.
Subjects:

MARC

LEADER 00000nab a2200000 ar4500
001 vtls009327450
003 SK-MaSNL
005 20260303061217.0
008 080828c1973 xo mr|p|||||||000 b|slo
015 |a SNKBUCL1973  |2 snkbucl 
038 |a SNKBUCL 
040 |a SNKBUCL  |b slo  |c SNKBUCL  |e AACR2 
041 0 |a slo 
044 |a xo  |c SK 
080 |a 793.3.093.1  |2 2001 
245 0 0 |a Veľká cena SZM v spoločenskom tanci medzinárodná súťaž Brno 3.XI. 1972  |c [autor] -kc- 
300 |a Obr. 
611 2 7 |a Veľká cena SZM v spoločenskom tanci  |d (1972 :  |c Brno, Česko)  |2 snkbucl  |9 1055079 
650 0 7 |a spoločenské tance  |2 snkbucl  |9 29452 
773 0 |t Rytmus  |g Č. 2 (1973), s. 23 
852 |a SNK  |b KIS3GCP 
999 |c 1734696  |d 1736626